• 首页
  • 本馆介绍
  • 公告通知
  • 最新文献
  • 馆藏检索
  • 电子资源
  • 读者导购
  • 参考咨询
  • 我的图书馆
  • 登录
  • 详细信息显示
  • 放入我的书架
  • 预约/预借图书
  • 作者相关作品
  • 分类相关作品
  • 丛书相关作品
  • 出版社相关作品

书目信息

  • 表格格式
  • 工作单格式
  • 卡片格式
题名:
20世纪重大发明故事
    
 
作者: 翟明秋 编著
分册:  
出版信息: 赤峰   内蒙古科学技术出版社  2013.12
页数: 150页
开本: 24cm
丛书名:
单 册:
中图分类: N19-49
科图分类:
主题词: 创造发明--chuang zao fa ming--世界--普及读物 , 创造发明--chuang zao fa ming
电子资源:
ISBN: 978-7-5380-2367-1
000 00994nam0 2200241 450
001 0106081733
005 20201106082042.0
010    @a978-7-5380-2367-1@dCNY58.00
100    @a20140429e20202013em y0chiy50 ea
101 0  @achi
102    @aCN@b150000
105    @aa z 000yy
106    @ar
200 1  @a20世纪重大发明故事@A20 shi ji zhong da fa ming gu shi@f翟明秋编著
210    @a赤峰@c内蒙古科学技术出版社@d2013.12@h2020.02
215    @a150页@c图@d24cm
330    @a本书以故事的形式对20世纪30项重大发明加以介绍,主要介绍了这些重大发明的经过、发明家的生活事迹及这些发明对人类社会的影响。每一项发明的介绍都单独成篇,尽量做到内容翔实、准确,并注意了故事性、趣味性和科学性。本书所列各项重大发明按动力机械、无线电电子、医药化工、材料器具的顺序排列。
606 0  @a创造发明@Achuang zao fa ming@y世界@j普及读物
606 0  @a创造发明@Achuang zao fa ming
690    @aN19-49@v5
701  0 @a翟明秋@Azhai ming qiu@4编著
801  0 @aCN@bBJSZM@c20201106
905    @b1190212-5@dN19-49@e137@f4
    
    20世纪重大发明故事/翟明秋编著.-赤峰:内蒙古科学技术出版社,2013.12(2020.02)
    150页:图;24cm
    
    
    ISBN 978-7-5380-2367-1:CNY58.00
    本书以故事的形式对20世纪30项重大发明加以介绍,主要介绍了这些重大发明的经过、发明家的生活事迹及这些发明对人类社会的影响。每一项发明的介绍都单独成篇,尽量做到内容翔实、准确,并注意了故事性、趣味性和科学性。本书所列各项重大发明按动力机械、无线电电子、医药化工、材料器具的顺序排列。
●
相关链接 在E读中查询图书 在五车中查询图书 在当当中查询图书 在豆瓣中查询图书


正题名:20世纪重大发明故事     索取号:N19-49/137         预约/预借

序号 登录号 条形码 馆藏地/架位号 状态 备注
1 1190212   211902128   第二样本阅览室/ [索取号:N19-49/137] 在馆    
2 1190213   211902137   第三借阅区/ [索取号:N19-49/137] 在馆    
3 1190214   211902146   第三借阅区/ [索取号:N19-49/137] 在馆    
4 1190215   211902155   第三借阅区/ [索取号:N19-49/137] 在馆    
唐山师范学院图书馆 欢迎您!
大连网信软件有限公司© 版权所有